000 01418 a2200253 4500
001 43275
005 20260407155717.0
008 260407a1988 arg spa d
003 AR-UNSa-BCEJYS
040 _aAR-UNSa-BCEJYS
_bspa
_cAR-UNSa-BCEJYS
080 _a94:33
_xHistoria económica
245 1 0 _aHistoria económica y social general
020 _a950-537-442-9
264 1 _aBuenos Aires :
_bEdiciones Macchi
_c1988
300 _axxii, 463 p.
_c23 cm.
505 _aIntroducción: Primera Parte : 1. El significado de la revolución industrial - 2. Los factores condicionantes de la industrialización - 3. La revolución industrial en gran bretaña - 4. Los nuevos paises industriales: Europa occidental y los Estados Unidos - 5. Las economías industriales en la segunda mitad del siglo XIX - Segund Parte: Plenitud y crisis de la socidad industrial : 6. Aspectos económicos y sociales de la primera guerra mundial - 7. Los problemas de la decada del veinte - 8. La crisis de los años treinta - 9. La segunda guerra mundial - 10. La expansión de la segunda posguerra - Tercera Parte: La transición a la economía posindustrial: 11. La transición a la economía posindustrial
041 _aspa
942 _cBK
590 _aniveau_biblio:m niveau_hierar:0
100 1 _aBerenblum, Rubén
700 1 _aBarbero, Maria Inés
700 1 _aGarcia Molina, Fernando R.
700 1 _aSaborido, Jorge E.
999 _c3684
_d3684